02039nas a22002177a 450000500170000000700120001700800410002902200140007004000090008408200140009324500740010726000410018130000160022231000150023836500160025350014350026965000540170465100100175865500140176885600390178220200520100544.0cz aa aaaaa200428c f||poo|||| 00| 0 eng d a2664-7702 coclc a300bJOU/ aInternational Journal of Humanities and Artshe-Journal (Open Access) bAcademic publicationsaDelhi, India  aPDF(online) aSemiannual eOpen Access aInternational Journal of Humanities and Arts publishes original papers, review papers, case studies, technical notes and book reviews. Considers review and research articles related to humanities, social science, Community and Consumer Sciences, Economics, Political Science, Geography, Philosophy, History, Humanity and Languages concerning with social science, Anthropological, Behavioral Sciences, Sociology, Journalism and Role of Media in social science. Educational Sciences: For School Students, Women, Village and Society, Commerce, Law and Management related with humanities and social science, anthropology, business studies, communication studies, corporate governance, criminology, cross cultural studies, demography, development studies, economics, education, ethics, geography, history, industrial relations, information science, international relations, law, health, linguistics, library science, media studies, methodology, philosophy, political science, population Studies, psychology, public administration, sociology, social welfare, linguistics, literature, paralegal, performing arts, religious studies, visual arts, women studies, economics, international relations, development studies, population studies, political science, history, library and information science, public administration, psychology, philosophy, sociology, women studies, religious studies, social welfare, anthropology, linguistics, etc. 0aSocial sciencesvSocial sciencesxSocial sciences 0aIndia 0ae-Journal uhttp://www.humanitiesjournals.net/